Grizzwold; (Record no. 3847)

MARC details
000 -LEADER
fixed length control field 00987cam a22002651 4500
005 - DATE AND TIME OF LATEST TRANSACTION
control field 20240516151743.0
020 ## - INTERNATIONAL STANDARD BOOK NUMBER
International Standard Book Number 9780064440578
040 ## - CATALOGING SOURCE
Original cataloging agency DLC
Transcribing agency TxDaBC
Modifying agency OCoLC
-- DLC
Language of cataloging eng
050 00 - LIBRARY OF CONGRESS CALL NUMBER
Classification number PZ10.3.H6655
082 ## - DEWEY DECIMAL CLASSIFICATION NUMBER
Classification number 813.52
100 1# - MAIN ENTRY--PERSONAL NAME
Personal name Hoff, Syd
Dates associated with a name 1912-2004.
245 10 - TITLE STATEMENT
Title Grizzwold;
Statement of responsibility, etc. story and pictures by Syd Hoff
250 ## - EDITION STATEMENT
Edition statement First Harper Trophy edition, 1984 .
260 ## - PUBLICATION, DISTRIBUTION, ETC.
Place of publication, distribution, etc. New York :
Name of publisher, distributor, etc. HarperCollins Publishers ;
Date of publication, distribution, etc. 1963
300 ## - PHYSICAL DESCRIPTION
Extent 64 pages :
Other physical details color illustrations ;
Dimensions 23 cm.
490 ## - SERIES STATEMENT
Series statement An I Can Read Book
505 ## - FORMATTED CONTENTS NOTE
Formatted contents note J <br/>
520 ## - SUMMARY, ETC.
Summary, etc. Grizzwold the lovable bear is having a tough time finding somewhere to live. He's too big for most places, and too clumsy for others. He's not even any good as a live bearskin rug! Will Grizzwold ever find a home that's just right?
521 ## - TARGET AUDIENCE NOTE
Target audience note 460 <br/>
Source Lexile <br/>
521 ## - TARGET AUDIENCE NOTE
Target audience note J <br/>
Source Raz-Plus <br/>
650 ## - SUBJECT ADDED ENTRY--TOPICAL TERM
Topical term or geographic name entry element Bears
Form subdivision Fiction
906 ## - LOCAL DATA ELEMENT F, LDF (RLIN)
a 7
b cbc
c oclcrpl
d u
e ncip
f 19
g y-gencatlg
942 ## - ADDED ENTRY ELEMENTS (KOHA)
Source of classification or shelving scheme Dewey Decimal Classification
Koha item type Books
Suppress in OPAC No
999 ## -
-- 3847
-- 3847
Holdings
Withdrawn status Lost status Source of classification or shelving scheme Damaged status Not for loan Collection Home library Current library Shelving location Date acquired Total Checkouts Full call number Barcode Date last seen Copy number Price effective from Koha item type
    Dewey Decimal Classification     Juvenile Fiction Footprints International School Library Network Toul Kork Campus Footprints International School Library Network Toul Kork Campus   05/16/2024   HOF 813.52 PZ10.H6655 FIS03396 05/16/2024 1 05/16/2024 Books
    Dewey Decimal Classification     Juvenile Fiction Footprints International School Library Network Toul Kork Campus Footprints International School Library Network Toul Kork Campus TK Primary Library Room(4th Floor), Bookcase 1&2, Shelves 1-16, Dark Blue Books 01/17/2025   HOF 813.52 PZ10.H6655 FISTK01151 01/17/2025 2 01/17/2025 Books